000
00217 a2200097 4500
001
7010
100
_a
Hlawiczka, P
245
_a
Matrix algebra for electronic engineers
260
_a
_b
Iliffe
_c
090
_c
5789
_d
5789
942
_a
NUST-CAE
_c
M
_c
32254
999
_c
242083
_d
242083